Communes of the Grand Duchy of Luxembourg Quiz Stats

 Plays Quiz not verified by Sporcle

Challenge
Share
Tweet
Embed
Score 0/105 Timer 15:00
0 Plays Today
Commune % Correct
Luxembourg
95.7%
Diekirch
89.5%
Esch-sur-Alzette
87.7%
Grevenmacher
85.8%
Dudelange
84%
Vianden
83.3%
Ettelbruck
82.1%
Echternach
80.2%
Differdange
76.5%
Pétange
76.5%
Remich
75.9%
Mersch
74.7%
Clervaux
74.1%
Wiltz
73.5%
Schengen
71%
Bettembourg
66%
Esch-sur-Sûre
65.4%
Strassen
64.8%
Hesperange
64.2%
Mamer
63.6%
Rumelange
62.3%
Mondorf-les-Bains
61.7%
Redange
61.1%
Bertrange
59.9%
Steinsel
59.3%
Steinfort
58.6%
Beaufort
58%
Junglinster
58%
Kayl
57.4%
Colmar-Berg
56.8%
Rosport
56.8%
Leudelange
55.6%
Troisvierges
55.6%
Niederanven
54.9%
Wormeldange
54.9%
Commune % Correct
Dippach
54.3%
Kopstal
54.3%
Bech
53.1%
Biwer
53.1%
Bous
53.1%
Larochette
52.5%
Sandweiler
52.5%
Ell
51.9%
Frisange
51.9%
Roeser
51.9%
Bissen
51.2%
Schifflange
51.2%
Stadtbredimus
51.2%
Mondercange
50%
Lorentzweiler
49.4%
Walferdange
49.4%
Erpeldange
48.8%
Fischbach
48.1%
Sanem
48.1%
Useldange
48.1%
Waldbillig
48.1%
Septfontaines
47.5%
Berdorf
46.9%
Lenningen
46.3%
Kehlen
45.7%
Saeul
45.7%
Tuntange
45.7%
Beckerich
45.1%
Consdorf
45.1%
Hobscheid
45.1%
Waldbredimus
44.4%
Manternach
43.8%
Reckange-sur-Mess
43.8%
Grosbous
43.2%
Garnich
42.6%
Commune % Correct
Schuttrange
42.6%
Flaxweiler
42%
Kiischpelt
42%
Préizerdaul
42%
Rambrouch
42%
Wahl
42%
Mertert
41.4%
Nommern
40.7%
Reisdorf
40.7%
Wincrange
40.7%
Lac de la Haute-Sûre
40.1%
Betzdorf
39.5%
Contern
39.5%
Lintgen
39.5%
Putscheid
39.5%
Burmerange
38.9%
Mertzig
38.9%
Weiswampach
38.9%
Boevange-sur-Attert
38.3%
Bourscheid
38.3%
Weiler-la-Tour
38.3%
Koerich
37.7%
Tandel
37.7%
Feulen
37%
Mompach
37%
Dalheim
36.4%
Bettendorf
35.8%
Vichten
35.8%
Boulaide
34.6%
Schieren
33.3%
Winseler
33.3%
Goesdorf
29%
Heffingen
27.2%
Parc Hosingen
11.8%
Vallée de l'Ernz
5.9%

You're not logged in!

Compare scores with friends on all Sporcle quizzes.
Join for Free
OR
Log In

You Might Also Like...

Show Comments

Extras

Top Quizzes Today


Score Distribution

Your Account Isn't Verified!

In order to create a playlist on Sporcle, you need to verify the email address you used during registration. Go to your Sporcle Settings to finish the process.

Report this User

Report this user for behavior that violates our Community Guidelines.

Details: